Reclamation and ground improvement
This book is an invaluable resource for academics, undergraduate and postgraduate students, researchers and practicing engineers. It is also a useful guide for contractors and consultants who are implementing reclamation and ground improvement projects involving prefabricated vertical drain and deep...
Gardado en:
| Autor Principal: | |
|---|---|
| Formato: | Libro |
| Idioma: | Undetermined |
| Publicado: |
Australia
Thomson
2004
|
| Những chủ đề: | |
| Các nhãn: |
Engadir etiqueta
Sen Etiquetas, Sexa o primeiro en etiquetar este rexistro!
|
| Thư viện lưu trữ: | Trung tâm Học liệu Trường Đại học Cần Thơ |
|---|
| LEADER | 00898nam a2200205Ia 4500 | ||
|---|---|---|---|
| 001 | CTU_183584 | ||
| 008 | 210402s9999 xx 000 0 und d | ||
| 020 | |c 1259000 | ||
| 082 | |a 624.15136 | ||
| 082 | |b B662 | ||
| 100 | |a Bo, Myint Win | ||
| 245 | 0 | |a Reclamation and ground improvement | |
| 245 | 0 | |c Myint Win Bo, Victor Choa | |
| 260 | |a Australia | ||
| 260 | |b Thomson | ||
| 260 | |c 2004 | ||
| 520 | |a This book is an invaluable resource for academics, undergraduate and postgraduate students, researchers and practicing engineers. It is also a useful guide for contractors and consultants who are implementing reclamation and ground improvement projects involving prefabricated vertical drain and deep sand compaction. | ||
| 650 | |a Soil mechanics,Reclamation of land,Cơ học đất,Cải tạo đất | ||
| 904 | |i Hải | ||
| 980 | |a Trung tâm Học liệu Trường Đại học Cần Thơ | ||